| 000 | 00487nam a2200157Ia 4500 | ||
|---|---|---|---|
| 999 |
_c19757 _d19757 |
||
| 003 | OSt | ||
| 005 | 20200623153724.0 | ||
| 008 | 190216s9999||||xx |||||||||||||| ||und|| | ||
| 040 | _coclc | ||
| 082 |
_a954.035 _bBAK/C |
||
| 100 | 1 |
_aBakshi, S. R. _9124 _d1935- _q(Shiri Ram), |
|
| 245 | 0 |
_aCongress And Quit India Movement / _cS R Bakshi |
|
| 260 |
_bCriterion Publications, _c1986. _aNew Delhi: |
||
| 300 | _a336p | ||
| 942 |
_cBK _2ddc _h954.035 _iBAK/C _k954.035 _mBAK/C |
||